| 000 | 00676nam a2200193 a 4500 | ||
|---|---|---|---|
| 001 | 000044479 | ||
| 003 | DO-SdBNP | ||
| 005 | 20180226102109.0 | ||
| 008 | 150605b xxu||||| |||| 00| 0 spa d | ||
| 040 |
_aBPMET _bspa _cBPMET |
||
| 111 | 2 |
_aFestival Internacional de Cine Infantil _n(2: _d2007 : 7-13 agosto _cSanto Domingo) |
|
| 245 | 1 | 0 |
_aCine infantil / _cMargarita Cedeño de Fernández. |
| 260 |
_aSanto Domingo : _bDespacho de la Primera Dama de la República Dominicana, _c2008. |
||
| 300 |
_a[36] p. : _bil. ; _c29 cm. |
||
| 700 | 1 | 2 | _aCedeño de Fernández, Margarita |
| 942 |
_2ddc _cBK |
||
| 945 | _aInventariado, 2018 / BT | ||
| 956 |
_aVMATEO _b10 _c20150914 _lBPMSU _h0069 |
||
| 999 |
_c7237 _d7237 |
||